000
00234nam a2200097Ia 4500
001
711383
005
20250826162807.0
008
250824s9999 xx 000 0 und d
245
0
_a
BAB-I ESRAR
_c
AHMET ÜMİT
260
_b
EVEREST YAYINLARI
999
_c
711383
_d
711383